LIBRARY ONLINE CATALOGUE

Analysis of policy effectiveness as a strategic management tool on microfinance institutions in Kenya : (Record no. 15405)

MARC details
000 -LEADER
fixed length control field 00756cam a22002052 4500
001 - CONTROL NUMBER
control field 0000024987
005 - DATE AND TIME OF LATEST TRANSACTION
control field 20151217161558.0
008 - FIXED-LENGTH DATA ELEMENTS--GENERAL INFORMATION
fixed length control field 140410s xx 000 0 eng d
040 ## - CATALOGING SOURCE
Original cataloging agency KABU
Transcribing agency KABU
100 1# - MAIN ENTRY--PERSONAL NAME
Personal name Kipkenei, Raymond Kiprop.
-- 0000182792
245 10 - TITLE STATEMENT
Title Analysis of policy effectiveness as a strategic management tool on microfinance institutions in Kenya :
Remainder of title a case of MFI's in Nakuru Municipality /
Statement of responsibility, etc. Raymond Kiprop Kipkenei.
250 ## - EDITION STATEMENT
Edition statement 1st ed.
260 ## - PUBLICATION, DISTRIBUTION, ETC. (IMPRINT)
Place of publication, distribution, etc. Nakuru :
Name of publisher, distributor, etc. Kabarak University,
Date of publication, distribution, etc. 2012.
300 ## - PHYSICAL DESCRIPTION
Extent xi, 56 leaves.
502 ## - DISSERTATION NOTE
Dissertation note Thesis (MBA) - Kabarak University, 2012.
650 #0 - SUBJECT ADDED ENTRY--TOPICAL TERM
Topical term or geographic name as entry element Microfinance
Geographic subdivision Kenya.
-- 0000182793
908 ## - PUT COMMAND PARAMETER (RLIN)
Put command parameter 140410
950 ## - LOCAL HOLDINGS (RLIN)
-- 1
Holdings
Withdrawn status Lost status Source of classification or shelving scheme Not for loan Home library Current library Date acquired Total Checkouts Full call number Barcode Date last seen Date last checked out Price effective from Koha item type
    Library of Congress Classification   Kabarak, Main Campus Kabarak, Main Campus 17/12/2015 2 HG178.33 .K46K57 2012 c. 1 016485 22/03/2016 22/03/2016 17/12/2015 Thesis, Dissertation and Projecs